| 000 | 00954nam a22003377a 4500 | ||
|---|---|---|---|
| 001 | BR0205703 | ||
| 003 | BR-BrBNA | ||
| 005 | 20230928101211.0 | ||
| 007 | ta | ||
| 008 | 230509b bl.||||| |||| 00| 0 por d | ||
| 040 |
_aBR-BrBNA _bpor _cBiblioteca Nacional de Agricultura |
||
| 041 | _a(Por) | ||
| 072 | _aU40; P01 | ||
| 090 | _ U40 BR0205703 | ||
| 100 | 1 | _aMeneses, P.R. | |
| 100 | 1 | _aMadeira Netto, J. da S.(org.) | |
| 110 | 1 | _aEMBRAPA Cerrados, Brasília, DF (Brasil) | |
| 245 | 1 | _aSensoriamento remoto: reflectância dos alvos naturais | |
| 260 | 3 |
_aBrasília, DF (Brasil): _c2001. |
|
| 300 | _a262 p. | ||
| 500 | _aSummary (Por); Several bibliography; 88 illus.; 17 tables | ||
| 650 | _aSOLO | ||
| 650 | _aVEGETAÇÃO | ||
| 650 | _aÁGUA | ||
| 650 | _aSENSORIAMENTO REMOTO | ||
| 650 | _aESPECTROMETRIA | ||
| 650 | _aGRANULOMETRIA | ||
| 650 | _aMÉTODO ESTATÍSTICO | ||
| 909 |
_a202309 _bLucia _c55 _dLucia Elande |
||
| 942 | _cBK | ||
| 999 |
_c64695 _d64695 |
||